Sašin ostrov krásy

Spolumajiteľka portálu sashe.sk Alexandra Miklášová vytvorila webový priestor, kde predávajú svoje ručne vyrobené produkty tisícky žien. Podarilo sa jej spojiť komunitu tvorivých ľudí, ktorí neboli nikde združení. Ako to na sashe.sk funguje.

Gespeichert in:
Bibliographische Detailangaben
1. Verfasser: Vavrová, Tatiana
Format: Buchkapitel
Sprache:Slowakisch
Schlagworte:
Tags: Tag hinzufügen
Keine Tags, Fügen Sie das erste Tag hinzu!

MARC

LEADER 00000naa a2200000 4500
001 0211841
005 20231013091851.9
041 0 |a slo 
044 |a SK 
245 1 0 |a Sašin ostrov krásy  |c Tatiana Vavrová 
520 |a Spolumajiteľka portálu sashe.sk Alexandra Miklášová vytvorila webový priestor, kde predávajú svoje ručne vyrobené produkty tisícky žien. Podarilo sa jej spojiť komunitu tvorivých ľudí, ktorí neboli nikde združení. Ako to na sashe.sk funguje. 
610 2 0 |a podnikanie 
610 2 0 |a podnikatelia 
610 2 0 |a ženy 
610 2 0 |a stránky webové 
610 2 0 |a obchod elektronický 
610 2 0 |a výroba ručná 
100 1 |a Vavrová, Tatiana